Los contenidos transversales : formación ética y ciudadana /
Guardado en:
| Autor Principal: | |
|---|---|
| Otros Autores: | |
| Formato: | Libro |
| Publicado: |
Buenos Aires :
El Ateneo,
1997
|
| Edición: | 2a. ed. |
| Series: | Nuevos Aires en Educación
|
| Materias: | |
| Etiquetas: |
Agregar Etiqueta
Sin Etiquetas, Sea el primero en etiquetar este registro!
|
| LEADER | 01175nam a22002775a 4500 | ||
|---|---|---|---|
| 001 | CEM.cems009618 | ||
| 005 | 20080822133217.0 | ||
| 008 | 130507s1997##################000#0#####d | ||
| 003 | CEMS | ||
| 020 | |a 9500258145 | ||
| 082 | 0 | 4 | |a 370.1 |
| 100 | 1 | |a Paredes De Meaños, Zulema | |
| 245 | 1 | 0 | |a Los contenidos transversales : |b formación ética y ciudadana / |c Zulema Paredes de Meaños, Carlos Mazza |
| 250 | |a 2a. ed. | ||
| 260 | |a Buenos Aires : |b El Ateneo, |c 1997 | ||
| 300 | |a 83 p. | ||
| 490 | 0 | |a Nuevos Aires en Educación | |
| 500 | |a Red Federal de Formación Docente Continua | ||
| 505 | 0 | |a La formación integral en el nuevo sistema educativo -- Los contenidos transversales -- Los contenidos básicos para la formación ética -- Educación y valores -- La génesis de la moral y los estadios del desarrollo moral -- De los enunciados teóricos a la realidad escolar | |
| 653 | |a Educación | ||
| 653 | |a Contenidos transversales | ||
| 653 | |a Educación y valores | ||
| 653 | |a Educación-ética | ||
| 700 | 1 | |a Massa, Carlos | |
| 859 | |a CEMS |b BIB. CEMS - 11 de abril |h 370.1 |i P214 |p 19813.98 |t Ej.1 | ||
| 859 | |a CEMS |b BIB. CEMS - 11 de abril |h 370.1 |i P214 |p 19814.98 |t Ej.2 | ||
